La antropología de Félix Schwartzmann
Zapisane w:
| Główni autorzy: | , |
|---|---|
| Format: | Książka |
| Język: | hiszpański |
| Wydane: |
Santiago
Universitaria
1978
|
| Seria: | Ideas e Indagacione
|
| Hasła przedmiotowe: | |
| Etykiety: |
Dodaj etykietę
Nie ma etykietki, Dołącz pierwszą etykiete!
|
MARC
| LEADER | 00000nam a2200000 a 4500 | ||
|---|---|---|---|
| 001 | UCZ4234 | ||
| 003 | CL-VaPUC | ||
| 008 | 951106e19780000CL |||||||||||||||||spa|d | ||
| 082 | 0 | 4 | |a 128 |b SCH |2 21 |
| 100 | 0 | |a Schultz, Margarita |e author |9 348213 | |
| 700 | 0 | |a Estrella, Jorge |e author |9 348214 | |
| 245 | 1 | 3 | |a La antropología de Félix Schwartzmann |
| 300 | |a 87 p | ||
| 942 | |c BK | ||
| 945 | |d 19951106 00:00:00 |a cmena | ||
| 260 | |a Santiago |b Universitaria |c 1978 | ||
| 650 | 0 | |a Antropología |9 233030 | |
| 650 | 7 | |a HOMBRE |2 CL-VaPUC |9 262149 | |
| 650 | 0 | |a Naturaleza humana |9 308593 | |
| 650 | 0 | |a Expresión |9 340759 | |
| 650 | 0 | |a Relaciones interpersonales |9 307056 | |
| 583 | |a last modification |c 19951106 00:00:00 |k Rodrigo Vera | ||
| 490 | 0 | |a Ideas e Indagacione | |
| 999 | |c 240649 |d 240647 | ||
| 952 | |0 0 |1 0 |4 0 |6 128_000000000000000_SCH_1978 |7 0 |8 P |9 252626 |a BIBEDU |b BIBEDU |c BIBEDU_PB |d 2019-11-18 |i 1594265 |o 128 SCH 1978 |p 1594265 |r 2024-01-25 |w 2019-11-18 |y BK |k FIL | ||